[Event "Barbera del Valles"]
[Site "XXXI Open del Valles"]
[Date "2008.07.08"]
[Round "4"]
[White "Matnadze, Ana"]
[Black "Gonzalez Vidal, Yuri"]
[Result "0-1"]
[WhiteElo "2411"]
[BlackElo "2464"]
[PlyCount "104"]
[EventDate "2008.07.??"]
[EventType "swiss"]
[EventRounds "9"]
[EventCountry "ESP"]
[SourceDate "2008.07.04"]

1. d4 Nf6 2. g3 e6 3. c4 c5 4. d5 exd5 5. cxd5 b5 6. Bg2 d6 7. Nh3 Nbd7 8. O-O
g6 9. Bf4 Nh5 10. Bg5 Nhf6 11. Qc1 h6 12. Bf4 g5 13. Bd2 Bg7 14. f4 gxf4 15.
Bxf4 Qe7 16. Nf2 Ne5 17. a4 b4 18. Nd2 Ba6 19. Bxe5 Qxe5 20. Nf3 Qh5 21. Qe3+
Kf8 22. Qf4 Rd8 23. e4 Be2 24. Rae1 Bxf3 25. Bxf3 Qg5 26. e5 Qxf4 27. gxf4 Ng8
28. Ne4 dxe5 29. fxe5 Bxe5 30. Kh1 Nf6 31. Nxc5 Bxb2 32. Nb7 Re8 33. Rd1 Re5
34. d6 Nd7 35. Bc6 Nc5 36. Nd8 f5 37. Rd5 Rxd5 38. Bxd5 Ke8 39. Ne6 Nxe6 40.
Bxe6 Rf8 41. Bxf5 Kd8 42. Kg2 Be5 43. d7 b3 44. Be4 Rxf1 45. Kxf1 Kxd7 46. h3
Kd6 47. Ke2 Kc5 48. Kd2 Kb4 49. Kc1 Kxa4 50. h4 Kb4 51. h5 a5 52. Bc6 a4 0-1

[Event "Barbera del Valles"]
[Site "XXXI Open del Valles"]
[Date "2008.07.08"]
[Round "4"]
[White "Bruzon Batista, Lazaro"]
[Black "Ipatov, Alexander"]
[Result "1-0"]
[WhiteElo "2592"]
[BlackElo "2433"]
[PlyCount "47"]
[EventDate "2008.07.??"]
[EventType "swiss"]
[EventRounds "9"]
[EventCountry "ESP"]
[SourceDate "2008.07.04"]

1. e4 e5 2. Nf3 Nf6 3. Nxe5 d6 4. Nf3 Nxe4 5. d4 d5 6. Bd3 Nc6 7. O-O Be7 8. c4
Nb4 9. Be2 O-O 10. a3 Nc6 11. cxd5 Qxd5 12. Nc3 Nxc3 13. bxc3 Bf5 14. Re1 Rfe8
15. Bf4 Na5 16. Bxc7 Rac8 17. Qa4 b6 18. Qb5 Qd7 19. Bf4 f6 20. Bd3 Be6 21. Qh5
Kf8 22. Qxh7 Bg8 23. Qh8 Rxc3 24. Bh6 1-0

[Event "Barbera del Valles"]
[Site "XXXI Open del Valles"]
[Date "2008.07.08"]
[Round "4"]
[White "Barsov, Alexei"]
[Black "Pap, Misa"]
[Result "1/2-1/2"]
[WhiteElo "2481"]
[BlackElo "2495"]
[PlyCount "48"]
[EventDate "2008.07.??"]
[EventType "swiss"]
[EventRounds "9"]
[EventCountry "ESP"]
[SourceDate "2008.07.04"]

1. d4 Nf6 2. Nf3 c5 3. d5 b5 4. Bg5 Ne4 5. Bh4 g6 6. Nbd2 f5 7. g4 d6 8. e3 a6
9. gxf5 Bxf5 10. Bd3 Nxd2 11. Qxd2 Bxd3 12. Qxd3 Bg7 13. Rb1 Nd7 14. O-O c4 $11
15. Qe2 O-O 16. Nd4 Nc5 17. Qg4 Bf6 18. b3 cxb3 19. cxb3 Qc8 20. Qxc8 Rfxc8 21.
Bxf6 exf6 22. Rfc1 Kf7 23. Rc2 Nd3 24. Nc6 Re8 1/2-1/2

[Event "Barbera del Valles"]
[Site "XXXI Open del Valles"]
[Date "2008.07.08"]
[Round "4"]
[White "Douriet, Alexis"]
[Black "Narciso Dublan, Marc"]
[Result "0-1"]
[WhiteElo "2315"]
[BlackElo "2525"]
[PlyCount "108"]
[EventDate "2008.07.??"]
[EventType "swiss"]
[EventRounds "9"]
[EventCountry "ESP"]
[SourceDate "2008.07.04"]

1. d4 e6 2. Nf3 c5 3. c4 cxd4 4. Nxd4 a6 5. g3 Qc7 6. Bg2 Bb4+ 7. Nc3 Qxc4 8.
O-O Bxc3 9. bxc3 d5 10. e4 Nf6 11. Ba3 dxe4 12. Qc1 Nbd7 13. Rd1 b6 14. Bd6 Bb7
15. Bf1 Qa4 16. c4 Qa5 17. c5 bxc5 18. Nb3 Qb6 19. Rb1 Bd5 20. Bxc5 Nxc5 21.
Nxc5 Qc6 22. Nxa6 Qxc1 23. Rdxc1 O-O 24. a4 Ng4 25. Bb5 Rfd8 26. Nc5 Ne5 27.
Ra1 Nf3+ 28. Kg2 Nd4 29. Kf1 Rdc8 30. Na6 Nc2 31. Rab1 Ba2 32. Rb2 Ne3+ 33. Ke2
Rxc1 34. Rxa2 Rc2+ 35. Rxc2 Nxc2 36. Kd2 Rc8 37. Kc1 Kf8 38. Bd7 Ra8 39. Nc5
Nb4 40. Nxe4 Ke7 41. Bb5 f5 42. Nc3 Kd6 43. Kb2 Nd5 44. Ne2 Kc5 45. Kb3 e5 46.
h3 e4 47. g4 f4 48. Bd7 f3 49. Ng3 e3 50. fxe3 Nxe3 51. Kc3 Rd8 52. Ne4+ Kd5
53. Kd3 Nd1 54. Bf5 Ke5+ 0-1

[Event "Barbera del Valles"]
[Site "XXXI Open del Valles"]
[Date "2008.07.08"]
[Round "4"]
[White "Czakon, Jakub"]
[Black "Alonso Moyano, Jonathan"]
[Result "1/2-1/2"]
[WhiteElo "2510"]
[BlackElo "2372"]
[PlyCount "44"]
[EventDate "2008.07.??"]
[EventType "swiss"]
[EventRounds "9"]
[EventCountry "ESP"]
[SourceDate "2008.07.04"]

1. d4 f5 2. c4 Nf6 3. Nc3 g6 4. h4 d6 5. h5 Nxh5 6. Rxh5 gxh5 7. e4 Qd7 8. Nh3
Bg7 9. Qxh5+ Kd8 10. e5 Qe8 11. Qh4 dxe5 12. dxe5 Bxe5 13. Bf4 Bxc3+ 14. bxc3
Nc6 15. Qg3 Bd7 16. Bxc7+ Kc8 17. Nf4 Qg8 18. Qh2 Qg7 19. Rd1 Qxc3+ 20. Rd2
Qc1+ 21. Rd1 Qc3+ 22. Rd2 Qc1+ 1/2-1/2

[Event "Barbera del Valles"]
[Site "XXXI Open del Valles"]
[Date "2008.07.08"]
[Round "4"]
[White "Mestre Bellido, Hector"]
[Black "Fluvia Poyatos, Jordi"]
[Result "0-1"]
[WhiteElo "2284"]
[BlackElo "2500"]
[PlyCount "138"]
[EventDate "2008.07.??"]
[EventType "swiss"]
[EventRounds "9"]
[EventCountry "ESP"]
[SourceDate "2008.07.04"]

1. e4 c5 2. Nf3 d6 3. d4 cxd4 4. Nxd4 Nf6 5. Nc3 g6 6. Be2 Bg7 7. O-O O-O 8.
Nb3 Nc6 9. Be3 Be6 10. f4 Rc8 11. f5 Bd7 12. g4 Ne5 13. Bd4 Bc6 14. Bf3 Nfd7
15. Kh1 e6 16. Bg2 b5 17. Qe2 b4 18. Nd1 a5 19. c4 Bb7 20. Ne3 a4 21. Nd2 Qh4
22. h3 Qg3 23. Rad1 Nxg4 24. Nxg4 Bxd4 25. Rf3 Qh4 26. fxe6 Ne5 27. Nf6+ Kg7
28. e7 Rfe8 29. Nxe8+ Rxe8 30. Rff1 Rxe7 31. b3 a3 32. Nf3 Nxf3 33. Qxf3 Bc5
34. Qf4 Qxf4 35. Rxf4 g5 36. Rf5 f6 37. Rdf1 $11 Re6 38. Bf3 Kg6 39. h4 h5 40.
hxg5 fxg5 41. Bg2 g4 42. Rf8 Kg5 43. R8f5+ Kh4 44. Re1 Bd4 45. Kh2 Be5+ 46. Kg1
Bc6 47. Re2 Be8 48. Kf2 Bg6 49. Rf8 Bg7 50. Rb8 Bd4+ 51. Ke1 Kg5 52. Kd2 Bc5
53. e5 dxe5 54. Rb5 Bd4 55. Rxb4 e4 56. c5 e3+ 57. Kd1 Bc3 58. Rc4 Ba5 59. c6
Rd6+ 60. Kc1 Bd2+ 61. Rxd2 exd2+ 62. Kd1 Bd3 63. Rc5+ Kf4 64. Kxd2 Be4+ 65. Ke1
Bxg2 66. c7 Bb7 67. c8=Q Bxc8 68. Rxc8 h4 69. Rf8+ Kg3 0-1

[Event "Barbera del Valles"]
[Site "XXXI Open del Valles"]
[Date "2008.07.08"]
[Round "4"]
[White "Cuartas, Jaime Alexander"]
[Black "Ryan, Joseph"]
[Result "1/2-1/2"]
[WhiteElo "2495"]
[BlackElo "2331"]
[PlyCount "98"]
[EventDate "2008.07.??"]
[EventType "swiss"]
[EventRounds "9"]
[EventCountry "ESP"]
[SourceDate "2008.07.04"]

1. e4 c5 2. Nf3 g6 3. d4 cxd4 4. Qxd4 Nf6 5. e5 Nc6 6. Qa4 Nd5 7. Qe4 Nc7 8.
Bf4 Bg7 9. Bc4 b5 10. Bb3 Bb7 11. O-O Na5 12. Qe2 Nxb3 13. axb3 Ne6 14. Bg3 a6
15. c3 O-O 16. Nbd2 Bh6 17. Ne4 Qc7 18. Rfe1 Bd5 19. b4 a5 20. Qxb5 Bxe4 21.
Rxe4 axb4 22. Rxa8 Rxa8 23. Qxb4 Rb8 24. Qa3 Qc6 25. Re1 Qc5 26. Qxc5 Nxc5 27.
Bh4 Kf8 28. Ra1 Rxb2 29. Ra8+ Kg7 30. g4 f6 31. exf6+ exf6 32. Bg3 Kf7 33. Rd8
Rb7 34. Bd6 Ne4 35. Bb4 Rc7 36. Ba5 Rb7 37. Rh8 Rb1+ 38. Kg2 Rb2 39. Rxh7+ Bg7
40. Nd4 Rxf2+ 41. Kg1 Rd2 42. Rh3 f5 43. gxf5 Bxd4+ 44. cxd4 Rxd4 45. fxg6+
Kxg6 46. Rf3 Ra4 47. Bb6 Ra1+ 48. Kg2 Ra2+ 49. Kg1 Ra1+ 1/2-1/2

[Event "Barbera del Valles"]
[Site "XXXI Open del Valles"]
[Date "2008.07.08"]
[Round "4"]
[White "Asis Gargatagli, Hipolit"]
[Black "Gomez Jurado, Luis Alberto"]
[Result "1-0"]
[WhiteElo "2396"]
[BlackElo "2299"]
[PlyCount "97"]
[EventDate "2008.07.??"]
[EventType "swiss"]
[EventRounds "9"]
[EventCountry "ESP"]
[SourceDate "2008.07.04"]

1. c4 c5 2. Nc3 Nc6 3. Nf3 d6 4. d4 cxd4 5. Nxd4 g6 6. e4 Bg7 7. Be3 Nf6 8. Be2
O-O 9. O-O Bd7 10. Nc2 Qa5 11. f3 Rfc8 12. Qd2 Ne5 13. Na3 Be6 14. Nd5 Qxd2 15.
Bxd2 Bxd5 16. exd5 a6 17. Rac1 e6 18. dxe6 fxe6 19. Bc3 Nc6 20. Rfd1 Rd8 21.
Nc2 e5 22. b4 Rac8 23. a4 Kh8 24. b5 axb5 25. axb5 Ne7 26. Bb4 Bh6 27. Ra1 Nf5
28. Kf2 d5 29. g4 Nd6 30. h4 g5 31. Bxd6 Rxd6 32. Ne3 Rdd8 33. Nf5 Ng8 34. Ra7
dxc4 35. Rxd8 Rxd8 36. Bxc4 gxh4 37. Bxg8 Bf8 38. Rxb7 Kxg8 39. Nxh4 Bc5+ 40.
Kg2 Rd4 41. Nf5 Rb4 42. g5 e4 43. fxe4 Rxe4 44. Kf3 Rb4 45. Ng3 Rb3+ 46. Kg4
Re3 47. Nf5 Re4+ 48. Kh5 Bf2 49. Nh6+ 1-0

[Event "Barbera del Valles"]
[Site "XXXI Open del Valles"]
[Date "2008.07.08"]
[Round "4"]
[White "Tsatsalashvili, Keti"]
[Black "Mihailovs, Jurijs"]
[Result "0-1"]
[WhiteElo "2271"]
[BlackElo "2388"]
[PlyCount "62"]
[EventDate "2008.07.??"]
[EventType "swiss"]
[EventRounds "9"]
[EventCountry "ESP"]
[SourceDate "2008.07.04"]

1. d4 Nf6 2. c4 c5 3. d5 b5 4. Nf3 e6 5. dxe6 fxe6 6. cxb5 d5 7. e3 Bd6 8. Nbd2
Nbd7 9. Be2 Qe7 10. Qc2 Bb7 11. O-O Rc8 12. b3 O-O 13. Bb2 Bb8 14. Rfe1 Qd6 15.
Rad1 Qc7 16. Qb1 Rce8 17. Bd3 h6 18. h3 Re7 19. a4 g5 20. e4 Rg7 21. exd5 exd5
22. Bf5 d4 23. Rc1 Qf4 24. g3 Qd6 25. b4 g4 26. Nh4 gxh3 27. Be6+ Rff7 28. Nf5
Ng4 29. Bxf7+ Rxf7 30. Re8+ Nf8 31. Nf1 Qd5 0-1

[Event "Barbera del Valles"]
[Site "XXXI Open del Valles"]
[Date "2008.07.08"]
[Round "4"]
[White "Rojas, Luis"]
[Black "Sadrija, Enver"]
[Result "1-0"]
[WhiteElo "2406"]
[BlackElo "2265"]
[PlyCount "51"]
[EventDate "2008.07.??"]
[EventType "swiss"]
[EventRounds "9"]
[EventCountry "ESP"]
[SourceDate "2008.07.04"]

1. e4 d5 2. exd5 Nf6 3. d4 Nxd5 4. c4 Nf6 5. Nc3 g6 6. Nf3 Bg7 7. h3 O-O 8. Be2
a6 9. O-O Re8 10. Bg5 c6 11. a4 h6 12. Bf4 Nbd7 13. Qd2 g5 14. Bh2 Nf8 15. Ne5
c5 16. d5 N6d7 17. f4 f6 18. Nd3 Qa5 19. Bh5 Rd8 20. Rae1 Nb6 21. fxg5 hxg5 22.
Rxe7 Nxc4 23. Qe2 Nd7 24. Bf7+ Kf8 25. Re8+ Kxf7 26. Qh5# 1-0

[Event "Barbera del Valles"]
[Site "XXXI Open del Valles"]
[Date "2008.07.08"]
[Round "4"]
[White "Vilela, Jose Luis"]
[Black "Pellus Ruiz, Josep"]
[Result "1-0"]
[WhiteElo "2347"]
[BlackElo "2219"]
[PlyCount "57"]
[EventDate "2008.07.??"]
[EventType "swiss"]
[EventRounds "9"]
[EventCountry "ESP"]
[SourceDate "2008.07.04"]

1. d4 Nf6 2. c4 c5 3. d5 d6 4. Nc3 g6 5. e4 Bg7 6. Bd3 O-O 7. h3 e6 8. Bg5 h6
9. Be3 exd5 10. cxd5 Re8 11. Nf3 Na6 12. O-O Nc7 13. a4 b6 14. Qd2 Kh7 15. Bf4
Bb7 16. Rfe1 a6 17. Rab1 a5 18. Rbd1 Nh5 19. Bh2 Be5 20. Nxe5 dxe5 21. f4 f6
22. fxe5 fxe5 23. Rf1 Kg7 24. g4 Nf6 25. Rf2 Qd6 26. g5 hxg5 27. Qxg5 Nd7 28.
Nb5 Nxb5 29. Bxb5 1-0

[Event "Barbera del Valles"]
[Site "XXXI Open del Valles"]
[Date "2008.07.08"]
[Round "4"]
[White "Debray, Tristan"]
[Black "Guramishvili, Sopiko"]
[Result "0-1"]
[WhiteElo "2145"]
[BlackElo "2302"]
[PlyCount "70"]
[EventDate "2008.07.??"]
[EventType "swiss"]
[EventRounds "9"]
[EventCountry "ESP"]
[SourceDate "2008.07.04"]

1. e4 c5 2. Nc3 a6 3. a4 e6 4. Nge2 Nc6 5. g3 g6 6. Bg2 Bg7 7. O-O Nge7 8. d3
O-O 9. Be3 Nd4 10. f4 d6 11. g4 Rb8 12. Rb1 f5 13. gxf5 exf5 14. Ng3 Be6 15.
Nd5 fxe4 16. Nxe7+ Qxe7 17. dxe4 Rbd8 18. c3 Nc6 19. Qc2 Na5 20. Rbe1 Bb3 21.
Qc1 Nc4 22. f5 Nxe3 23. Qxe3 Bxa4 24. Qd3 Bb5 25. c4 Bc6 26. Rf4 Qg5 27. Ref1
Be5 28. h4 Qh6 29. Rg4 Kh8 30. b3 Bd7 31. Ne2 gxf5 32. exf5 Qh5 33. Rg5 Qxh4
34. Qd2 Bh2+ 35. Kh1 Bg3+ 0-1

[Event "Barbera del Valles"]
[Site "XXXI Open del Valles"]
[Date "2008.07.08"]
[Round "4"]
[White "Leroy, Christophe"]
[Black "Lasinskas, Povilas"]
[Result "1-0"]
[WhiteElo "2157"]
[BlackElo "2269"]
[PlyCount "99"]
[EventDate "2008.07.??"]
[EventType "swiss"]
[EventRounds "9"]
[EventCountry "ESP"]
[SourceDate "2008.07.04"]

1. e4 c5 2. Nf3 a6 3. Nc3 g6 4. d4 Bg7 5. Be3 cxd4 6. Bxd4 Nf6 7. e5 Ng4 8. h3
Nh6 9. Nd5 Qa5+ 10. Bc3 Qd8 11. Qd2 Nc6 12. Bc4 O-O 13. O-O-O b5 14. Bd3 Rb8
15. Be4 Bb7 16. b3 a5 17. Qf4 f5 18. exf6 exf6 19. Qc7 Qe8 20. Rhe1 Qd8 21.
Qxd8 Rbxd8 22. Nb6 d6 23. Nd4 b4 24. Bxc6 Bxc6 25. Nxc6 bxc3 26. Nxd8 Rxd8 27.
Nc4 Nf7 28. Nxa5 d5 29. Nc6 Ra8 30. a4 Bh6+ 31. Kb1 Bd2 32. Ne7+ Kg7 33. Nxd5
Ne5 34. Re2 g5 35. Rexd2 cxd2 36. Rxd2 h5 37. Ne3 Kg6 38. c4 Ra6 39. c5 Kf7 40.
Kc2 Ra5 41. Rd5 Ke6 42. Kc3 g4 43. hxg4 Nxg4 44. Rd6+ Ke7 45. Kb4 Ra7 46. Nxg4
hxg4 47. Kb5 Rb7+ 48. Kc4 Ra7 49. Rd2 f5 50. c6 1-0

[Event "Barbera del Valles"]
[Site "XXXI Open del Valles"]
[Date "2008.07.08"]
[Round "4"]
[White "Capellades Subirana, Marc"]
[Black "Canal Oliveras, Joan"]
[Result "1-0"]
[WhiteElo "2265"]
[BlackElo "2241"]
[PlyCount "107"]
[EventDate "2008.07.??"]
[EventType "swiss"]
[EventRounds "9"]
[EventCountry "ESP"]
[SourceDate "2008.07.04"]

1. e4 e5 2. Nf3 Nc6 3. Bc4 Nf6 4. d3 Bc5 5. Be3 Bxe3 6. fxe3 d5 7. exd5 Nxd5 8.
Qd2 Bg4 9. Rf1 O-O 10. Nc3 Nb6 11. Bb3 Qe7 12. Ne4 Kh8 13. h3 Bxf3 14. gxf3 f5
15. Nf2 Qc5 16. Ke2 e4 17. Qc3 exf3+ 18. Kxf3 Qe7 19. Rae1 Rad8 20. Ke2 f4 21.
Ne4 fxe3 22. Kxe3 Qh4 23. Kd2 Qh6+ 24. Kd1 Qxh3 25. Rg1 Nd4 26. Ng5 Qh5+ 27.
Kc1 Ne2+ 28. Rxe2 Qxe2 29. Re1 Qh5 30. Ne6 Qh6+ 31. Kb1 Rde8 32. Nxf8 Rxf8 33.
Qxc7 Qd2 34. Qe7 Qf2 35. a3 Nc8 36. Qe6 Nd6 37. Ka2 Qf6 38. Qd5 Nf5 39. Qxb7
Nd4 40. Qe7 Qxe7 41. Rxe7 Nxb3 42. Kxb3 h5 43. d4 h4 44. d5 Rf3+ 45. Kc4 h3 46.
Re5 Rf4+ 47. Kd3 Rh4 48. Re1 Rh6 49. Ke4 Rh4+ 50. Kf5 Rd4 51. Ke6 h2 52. Rh1
Rd2 53. d6 g5 54. d7 1-0

[Event "Barbera del Valles"]
[Site "XXXI Open del Valles"]
[Date "2008.07.08"]
[Round "4"]
[White "Obon Temprano, Sergi"]
[Black "Costa Trave, Jaume"]
[Result "1-0"]
[WhiteElo "2211"]
[BlackElo "2027"]
[PlyCount "35"]
[EventDate "2008.07.??"]
[EventType "swiss"]
[EventRounds "9"]
[EventCountry "ESP"]
[SourceDate "2008.07.04"]

1. e4 c5 2. Nc3 d6 3. f4 Nc6 4. Nf3 a6 5. a4 g6 6. Bc4 e6 7. O-O Bg7 8. d3 Nge7
9. Qe1 O-O 10. f5 exf5 11. Qh4 Ne5 12. Bg5 Re8 13. Nxe5 dxe5 14. Nd5 Kf8 15.
Qxh7 Qd6 16. Nxe7 Rxe7 17. Bh6 Bxh6 18. Qh8# 1-0

[Event "Barbera del Valles"]
[Site "XXXI Open del Valles"]
[Date "2008.07.08"]
[Round "4"]
[White "Ridameya Tatche, Jose Miguel"]
[Black "Leks, Hanna"]
[Result "1/2-1/2"]
[WhiteElo "2133"]
[BlackElo "2198"]
[PlyCount "63"]
[EventDate "2008.07.??"]
[EventType "swiss"]
[EventRounds "9"]
[EventCountry "ESP"]
[SourceDate "2008.07.04"]

1. e4 c5 2. Nf3 d6 3. d4 cxd4 4. Nxd4 Nf6 5. f3 e5 6. Bb5+ Nbd7 7. Nf5 d5 8.
exd5 a6 9. Bxd7+ Qxd7 10. Ne3 b5 11. O-O Bc5 12. Kh1 O-O 13. Nc3 Bxe3 14. Bxe3
b4 15. Ne4 Nxd5 16. Bc5 Rd8 17. Qe1 Qb5 18. Qf2 Be6 19. Rfe1 Rac8 20. Be3 Nxe3
21. Rxe3 h6 22. g4 a5 23. Qh4 Qc6 24. c3 Qb6 25. Qf2 bxc3 26. Nxc3 Rd3 27. Rae1
Rcd8 28. R1e2 Qc6 29. Kg1 a4 30. a3 Bb3 31. Rxd3 Rxd3 32. Re3 1/2-1/2

[Event "Barbera del Valles"]
[Site "XXXI Open del Valles"]
[Date "2008.07.08"]
[Round "4"]
[White "Butuc, Maria"]
[Black "Palacios Pena, Gerardo"]
[Result "1-0"]
[WhiteElo "2188"]
[BlackElo "2034"]
[PlyCount "137"]
[EventDate "2008.07.??"]
[EventType "swiss"]
[EventRounds "9"]
[EventCountry "ESP"]
[SourceDate "2008.07.04"]

1. e4 c6 2. d4 d5 3. e5 Bf5 4. Nf3 e6 5. Be2 c5 6. Be3 Qb6 7. Nc3 Nc6 8. Rb1 c4
9. Nh4 Bg6 10. Qd2 Nge7 11. f4 Nf5 12. Nxf5 Bxf5 13. g4 Bg6 14. O-O f6 15. exf6
gxf6 16. f5 Bf7 17. fxe6 Bxe6 18. Rxf6 Kd7 19. Bxc4 Bb4 20. Bxd5 Bxd5 21. Nxd5
Bxd2 22. Nxb6+ axb6 23. Bxd2 Rxa2 24. Rf7+ Ke6 25. Rxb7 Nxd4 26. Rxb6+ Kd5 27.
Rd1 Nf3+ 28. Kg2 Nxd2 29. Rxd2+ Kc5 30. Rb3 Rg8 31. h3 h5 32. Rc3+ Kb6 33. Rd6+
Kb7 34. Rb3+ Kc7 35. Rd4 hxg4 36. hxg4 Kc6 37. Rc3+ Kb5 38. b3 Ra1 39. Re3 Kc5
40. Rf4 Rd1 41. Rc4+ Kb5 42. Re2 Rg7 43. Rf4 Kc5 44. Re5+ Kd6 45. Ree4 Kc5 46.
c3 Rd2+ 47. Kg3 Rd1 48. Rc4+ Kb5 49. Rb4+ Ka5 50. Rf8 Rd3+ 51. Kf4 Rxc3 52.
Ra4+ Kb6 53. Rb8+ Kc7 54. Ra7+ Kxb8 55. Rxg7 Rxb3 56. Rd7 Kc8 57. Rd5 Rb1 58.
Kf5 Rf1+ 59. Kg6 Rg1 60. g5 Kc7 61. Kg7 Re1 62. g6 Kc6 63. Rd3 Re4 64. Kg8 Re8+
65. Kf7 Re4 66. g7 Rf4+ 67. Kg8 Ra4 68. Rh3 Kd6 69. Kh8 1-0

[Event "Barbera del Valles"]
[Site "XXXI Open del Valles"]
[Date "2008.07.08"]
[Round "4"]
[White "Albets Armengol, Roland"]
[Black "Danelia, Mariam"]
[Result "0-1"]
[WhiteElo "1979"]
[BlackElo "2185"]
[PlyCount "104"]
[EventDate "2008.07.??"]
[EventType "swiss"]
[EventRounds "9"]
[EventCountry "ESP"]
[SourceDate "2008.07.04"]

1. d4 Nf6 2. c4 g6 3. Nc3 d5 4. Bf4 Bg7 5. e3 c5 6. Nf3 O-O 7. Be2 cxd4 8. exd4
Nc6 9. h3 Bf5 10. O-O Rc8 11. c5 Ne4 12. Be3 Qd7 13. Bb5 Rfd8 14. Rc1 Qc7 15.
Bxc6 bxc6 16. Qa4 Rb8 17. Qa3 Rb7 18. Ne2 Rb5 19. b3 Ra5 20. Qb2 Rxc5 21. Bf4
Qb7 22. Ne5 Rxc1 23. Rxc1 Rc8 24. Ng3 Nxg3 25. Bxg3 f6 26. Nf3 Bf8 27. Nh4 Be6
28. Qe2 Bf7 29. Nf3 e6 30. Qe3 Qe7 31. Ne1 c5 32. Qe2 Qd7 33. Qa6 Rc6 34. Qa4
Qb7 35. dxc5 Rxc5 36. Rxc5 Bxc5 37. Nd3 Bb6 38. Qf4 Kg7 39. Qd6 Qc8 40. Bh4 Qc7
41. Qb4 e5 42. Bg3 Qd7 43. Qd2 e4 44. Nb4 d4 45. Bf4 g5 46. Bg3 h6 47. h4 Qe6
48. hxg5 hxg5 49. Nc2 e3 50. Qd3 Bg6 51. Nxd4 Bxd3 52. Nxe6+ Kf7 0-1

[Event "Barbera del Valles"]
[Site "XXXI Open del Valles"]
[Date "2008.07.08"]
[Round "4"]
[White "Esquivel, Luis"]
[Black "Vigo Allepuz, David"]
[Result "0-1"]
[WhiteElo "2178"]
[BlackElo "2156"]
[PlyCount "202"]
[EventDate "2008.07.??"]
[EventType "swiss"]
[EventRounds "9"]
[EventCountry "ESP"]
[SourceDate "2008.07.04"]

1. e4 e6 2. d4 d5 3. c4 dxe4 4. Nc3 Nf6 5. f3 exf3 6. Nxf3 Be7 7. Bd3 c5 8. d5
O-O 9. O-O exd5 10. cxd5 Bg4 11. Qc2 Na6 12. Bxa6 bxa6 13. Ne5 Bd6 14. Nc6 Qc7
15. Rxf6 Bxh2+ 16. Kh1 gxf6 17. Ne4 Be5 18. Bf4 Bxf4 19. Nxf6+ Kg7 20. Qc3 Kg6
21. Nxg4 f6 22. Rf1 Rae8 23. Qf3 Bg5 24. Qf5+ Kg7 25. Nh2 Re2 26. Nf3 Qg3 27.
Rg1 Be3 28. Qe4 f5 29. Qe7+ Rf7 30. Qe6 Qg6 31. Qe5+ Qf6 32. Rd1 Qxe5 33. Ncxe5
Rf6 34. g3 Rh6+ 35. Nh4 Bd4 36. Nef3 Kf6 37. d6 Ke6 38. Rxd4 cxd4 39. Nxd4+
Kxd6 40. Nxe2 Ke5 41. Kg2 Rb6 42. b3 Rc6 43. Nf3+ Ke4 44. Ng5+ Ke3 45. Nf4 Rc2+
46. Kh3 Rxa2 47. Nd5+ Kf2 48. Ne6 Ra1 49. Kh2 a5 50. Nc3 Rc1 51. Na4 h5 52. Nd4
h4 53. Nxf5 hxg3+ 54. Nxg3 Rc8 55. Ne4+ Ke3 56. Nec5 Rb8 57. Kg3 Rg8+ 58. Kh4
Kf4 59. Kh3 Kf3 60. Kh4 Rg4+ 61. Kh5 Rg1 62. Nb7 Kf4 63. Nbc5 Rg3 64. Kh6 Ke5
65. Kh5 Kd5 66. Kh4 Re3 67. Kg4 Kc6 68. Kf4 Re8 69. Nd3 Rb8 70. Nac5 Re8 71.
Ne4 Rb8 72. Nec5 Kd5 73. Ke3 Re8+ 74. Kd2 Kd4 75. Nb7 Rh8 76. Nc1 Rh2+ 77. Ne2+
Ke4 78. Nxa5 Kf3 79. Kc3 Kxe2 80. Kb4 Rh6 81. Nc4 Kd3 82. Nb2+ Kc2 83. Nc4 Rh3
84. Na3+ Kb2 85. Nc4+ Ka2 86. Na5 Rh5 87. Ka4 a6 88. Nc4 Rb5 89. b4 Rh5 90. Nd6
Rd5 91. Nb7 Rd3 92. Ka5 Ra3+ 93. Kb6 Kb3 94. Nc5+ Kxb4 95. Nxa6+ Kc4 96. Nc7
Rh3 97. Ne8 Rh6+ 98. Kc7 Kd5 99. Kb7 Kc5 100. Ka7 Rh7+ 101. Ka6 Re7 0-1

[Event "Barbera del Valles"]
[Site "XXXI Open del Valles"]
[Date "2008.07.08"]
[Round "4"]
[White "Ortega Serra, Marc"]
[Black "Sanchez Romero, Miguel Angel"]
[Result "1/2-1/2"]
[WhiteElo "1974"]
[BlackElo "2259"]
[PlyCount "80"]
[EventDate "2008.07.??"]
[EventType "swiss"]
[EventRounds "9"]
[EventCountry "ESP"]
[SourceDate "2008.07.04"]

1. d4 Nf6 2. c4 g6 3. Nc3 Bg7 4. e4 d6 5. f4 O-O 6. Nf3 c5 7. d5 e6 8. dxe6
fxe6 9. Bd3 Nc6 10. O-O Nd4 11. Nxd4 cxd4 12. Nb5 a6 13. Na3 Nd7 14. b4 a5 15.
Bd2 axb4 16. Bxb4 Nc5 17. Nb5 b6 18. g3 Bb7 19. Re1 e5 20. Bxc5 bxc5 21. f5
gxf5 22. exf5 Qd7 23. Qh5 e4 24. Bxe4 Bxe4 25. Rxe4 Rxf5 26. Qg4 Raf8 27. Rae1
d5 28. Re6 Qf7 29. Re7 Qg6 30. Qxg6 hxg6 31. Nd6 dxc4 32. Nxc4 d3 33. Rd7 Bd4+
34. Kg2 Rf2+ 35. Kh3 Rc2 36. Nd6 d2 37. Re6 Rf6 38. Re8+ Rf8 39. Re6 Rf6 40.
Re8+ Rf8 1/2-1/2

[Event "Barbera del Valles"]
[Site "XXXI Open del Valles"]
[Date "2008.07.08"]
[Round "4"]
[White "Losada Cabrera, Francisco Javier"]
[Black "Bardera Gil, Sergi"]
[Result "1-0"]
[WhiteElo "2165"]
[BlackElo "2101"]
[PlyCount "63"]
[EventDate "2008.07.??"]
[EventType "swiss"]
[EventRounds "9"]
[EventCountry "ESP"]
[SourceDate "2008.07.04"]

1. e4 c5 2. Nf3 Nc6 3. d4 cxd4 4. Nxd4 Nf6 5. Nc3 e6 6. Ndb5 Bb4 7. a3 Bxc3+ 8.
Nxc3 d5 9. exd5 exd5 10. Qe2+ Be6 11. Bg5 h6 12. Bh4 d4 13. O-O-O Qe7 14. Ne4
g5 15. Nxf6+ Qxf6 16. Bg3 O-O-O 17. h4 Rhe8 18. Qd2 Qf5 19. hxg5 hxg5 20. Be2
Qd5 21. b3 Qc5 22. Kb2 Bf5 23. Bd3 Rd5 24. Bc4 Rd7 25. Qxg5 Na5 26. Qf4 Nc6 27.
Rh5 Re5 28. Re1 Qa5 29. b4 Nxb4 30. Qxe5 Nd3+ 31. Bxd3 Qc3+ 32. Kb1 1-0

[Event "Barbera del Valles"]
[Site "XXXI Open del Valles"]
[Date "2008.07.08"]
[Round "4"]
[White "Moreto Quintana, Alex"]
[Black "Companyo Pagerols, Josep Maria"]
[Result "1-0"]
[WhiteElo "2124"]
[BlackElo "2090"]
[PlyCount "83"]
[EventDate "2008.07.??"]
[EventType "swiss"]
[EventRounds "9"]
[EventCountry "ESP"]
[SourceDate "2008.07.04"]

1. e4 e6 2. d4 d5 3. Nc3 Bb4 4. a3 Bxc3+ 5. bxc3 dxe4 6. Qg4 Qf6 7. Qxe4 Ne7 8.
Bd3 Qg6 9. Qe2 f5 10. Nf3 Bd7 11. g4 Bc6 12. Ne5 Qf6 13. g5 Qf8 14. Nxc6 Nbxc6
15. Qxe6 Qf7 16. Qxf7+ Kxf7 17. Bc4+ Ke8 18. Bf4 Kd7 19. d5 Na5 20. Bb5+ c6 21.
dxc6+ bxc6 22. O-O-O+ Ke6 23. Rhe1+ Kf7 24. Rd7 cxb5 25. Rexe7+ Kg6 26. Rxg7+
Kh5 27. f3 Nc4 28. Rxh7+ Rxh7 29. Rxh7+ Kg6 30. Rh6+ Kg7 31. Ra6 Re8 32. Rxa7+
Kg8 33. Kd1 Nb2+ 34. Kd2 Rd8+ 35. Ke2 Re8+ 36. Kf1 Nd1 37. Rc7 Ra8 38. Bc1 Re8
39. Rc5 Kh7 40. Rxb5 Nxc3 41. Rb7+ Kg6 42. Rb6+ 1-0

[Event "Barbera del Valles"]
[Site "XXXI Open del Valles"]
[Date "2008.07.09"]
[Round "5"]
[White "Corrales Jimenez, Fidel"]
[Black "Gonzalez Vidal, Yuri"]
[Result "1/2-1/2"]
[WhiteElo "2504"]
[BlackElo "2464"]
[PlyCount "50"]
[EventDate "2008.07.??"]
[EventType "swiss"]
[EventRounds "9"]
[EventCountry "ESP"]
[SourceDate "2008.07.04"]

1. e4 c5 2. Nf3 d6 3. d4 cxd4 4. Nxd4 Nf6 5. Nc3 g6 6. Be3 Bg7 7. f3 O-O 8. Qd2
Nc6 9. Bc4 Bd7 10. O-O-O Ne5 11. Bb3 Rc8 12. Kb1 Re8 13. Bh6 Bxh6 14. Qxh6 Rxc3
15. bxc3 a5 16. a4 Qb6 17. h4 Bxa4 18. h5 Nc6 19. hxg6 Bxb3 20. gxh7+ Kh8 21.
cxb3 Nxd4 22. cxd4 Qxb3+ 23. Ka1 Qa3+ 24. Kb1 Qb3+ 25. Ka1 Qa3+ 1/2-1/2